000 00681nam a22002177a 4500
003 ITZ
005 20240603165330.0
008 240603b |||||||| |||| 00| 0 spa d
020 _a978-607-744-937-9
035 _a17775
041 _aspa
050 _aTK7868.D5
_bA227 - 2018
082 _a621.3815
_bA118d - 2018
100 1 _aAbarca Jiménez, Griselda Stephany
245 _aDiseño digital con aplicaciones /
_cGriselda Stephany Abarca Jiménez, Leonel German Corona Ramírez, Jesús Mares Carreño
250 _a1a ed.
260 _aMéxico:
_bPatria,
_c2018
300 _a262 p.
_bil ./
_c27 cm.
650 _a1. ELECTRONICA DIGITAL \ 2. DISEÑO INDUSTRIAL
942 _cBK
999 _c29489
_d29489